Normal view MARC view

Entry Personal Name

Number of records used in: 1

001 - CONTROL NUMBER

  • control field: 1237568

003 - CONTROL NUMBER IDENTIFIER

  • control field: OSt

005 - DATE AND TIME OF LATEST TRANSACTION

  • control field: 20260430150447.0

008 - FIXED-LENGTH DATA ELEMENTS

  • fixed length control field: 260430|| aca||aabn | a|a d

040 ## - CATALOGING SOURCE

  • Original cataloging agency: OSt
  • Transcribing agency: OSt

100 ## - HEADING--PERSONAL NAME

  • Personal name: University of Delhi. Faculty of Technology. Deptt. of Electronics & Communication Engineering

670 ## - SOURCE DATA FOUND

  • Source citation: Work cat.: (OSt)1849832: Mahendra Mihika Mahesh Au.; Gupta Maneesha Gu. 1237567, Design, Analysis and Performances Enhancement of Various Analog Circuits, 2023
Copyright @ Delhi University Library System